000
00295nam a2200121Ia 4500
008
190216s9999||||xx |||||||||||||| ||und||
100
_a
Kenneth Hopkins
245
0
_a
Great Moments In Exploration
260
_b
Phoenix House Ltd
_c
1959
300
_a
128p
650
_a
English Essay
942
_c
BK
999
_c
11688
_d
11688